Just one more hand (Record no. 115002)
| 000 -LEADER | |
|---|---|
| fixed length control field | 00550nam a2200193Ia 4500 |
| 003 - CONTROL NUMBER IDENTIFIER | |
| control field | LDD |
| 008 - FIXED-LENGTH DATA ELEMENTS--GENERAL INFORMATION | |
| fixed length control field | 181029s9999 xx 000 0 und d |
| 020 ## - INTERNATIONAL STANDARD BOOK NUMBER | |
| International Standard Book Number | 9781442236677 |
| Terms of availability | P 24.95 |
| 040 ## - CATALOGING SOURCE | |
| Transcribing agency | LDD |
| 100 ## - MAIN ENTRY--PERSONAL NAME | |
| Personal name | Mutari, Ellen |
| 245 #0 - TITLE STATEMENT | |
| Title | Just one more hand |
| Remainder of title | life in the casino economy |
| Statement of responsibility, etc. | Ellen Mutari |
| 260 ## - PUBLICATION, DISTRIBUTION, ETC. | |
| Place of publication, distribution, etc. | New York |
| Name of publisher, distributor, etc. | Rowman & Littlefield |
| Date of publication, distribution, etc. | 2015 |
| 300 ## - PHYSICAL DESCRIPTION | |
| Extent | xvi,263 |
| 365 ## - TRADE PRICE | |
| Price amount | P 24.95 |
| 901 ## - LOCAL DATA ELEMENT A, LDA (RLIN) | |
| a | 12815 |
| b | 14-12-2015 |
| 902 ## - LOCAL DATA ELEMENT B, LDB (RLIN) | |
| a | IN23692 |
| b | 04-01-2016 |
| c | F |
| d | OP |
| e | 31 |
| 903 ## - LOCAL DATA ELEMENT C, LDC (RLIN) | |
| a | Discount-20 |
| b | Reqst by : Nita Mathur |
| 942 ## - ADDED ENTRY ELEMENTS (KOHA) | |
| Source of classification or shelving scheme | Dewey Decimal Classification |
| Koha item type | Books |
| Withdrawn status | Lost status | Source of classification or shelving scheme | Damaged status | Not for loan | Home library | Current library | Total Checkouts | Full call number | Barcode | Date last seen | Cost, replacement price | Price effective from | Koha item type |
|---|---|---|---|---|---|---|---|---|---|---|---|---|---|
| No | Dewey Decimal Classification | Library and Documentation Division | Library and Documentation Division | 795.092273 M98J | 098337 | 11/01/2018 | 2443.60 | 11/01/2018 | Books |
